Matelski, Dariusz, 1963-. Mniejszość niemiecka w Wielkopolsce w latach 1919 - 1939. - Poznań : Wydawn. Naukowe Uniw.. - 1997 [Rezension]

Titel: Matelski, Dariusz, 1963-. Mniejszość niemiecka w Wielkopolsce w latach 1919 - 1939. - Poznań : Wydawn. Naukowe Uniw.. - 1997 [Rezension]
Verfasser:
In: Beiträge zur Geschichte Westpreußens, Band 15 (1997), Seite 188-191
alle Artikel anzeigen
Veröffentlicht: 1997 [1998]
Format: Aufsatz
Sprache: Deutsch
Kein Bild verfügbar
X
alg: 39503114
001A    $01999:12-11-16 
001B    $01999:04-08-21 $t21:02:37.000 
001D    $01999:12-11-16 
001U    $0utf8 
001X    $00 
002@    $0Aox 
003@    $0395031141 
007A    $0395031141 $aHEB 
007T    $0Herd11704 
010@    $ager 
011@    $a1997 $n1997 [1998] 
021A    $aMatelski, Dariusz, 1963-. Mniejszość niemiecka w Wielkopolsce w latach 1919 - 1939. - Poznań : Wydawn. Naukowe Uniw.. -  1997 [Rezension] 
028A    $aRasmus $dHugo 
031A    $d15 $h188-191 $j1997 
039B    $aIn $8--Abvc--. Beiträge zur Geschichte Westpreußens. - Münster, Westf. : Nicolaus-Copernicus-Verl., 1967-2008. - ISSN 0341-9436 $x199700000150000812 $9046826319 
039T    $8--Aau--Matelski, Dariusz$Z1963- [Tp1]. Mniejszość niemiecka w Wielkopolsce w latach 1919 - 1939. - Wyd. 1. - Poznań : Wydawn. Naukowe Uniw., 1997. - 592 S.. - Ill., Kt.. - ISBN 83-232-0759-3 $9058642773 
045F    $a900.9438 $eDDC23BSB 
045F/01 $a900 
045F/03 $g438 
045F/03 $g43849 
045T    $a8,1 

lok: 39503114 78

exp: 39503114 78 1 #EPN
201B/01 $018-11-16 $t13:32:18.000 
201U/01 $0utf8 
203@/01 $0791329755 
208@/01 $a12-11-16 $be 
209A/01 $a/ $f000 $x00 
220C/01 $aTitelaufnehmer: ej 
244Z/01 $2Trx $#Großpolen $#Greater Poland $#Velkopolsko $8--Trx--Wielkopolska $x01 $9391277227 
244Z/01 $2Trx $#Poola $#Lenkija $#Polija $#Polen Land $#Poland $#Lengyelország $#Poľsko $#Polsko $8--Trx--Polska$gkraj $x02 $9391345966 
244Z/01 $2Trx $#arvustused $#recenzijos $#Reviews $#recenziók $#recenzje $#recenzie $#recenze $8--Trx--Rezensionen $x03 $9391357441 
247C/01 $82080>Marburg/Lahn, Herder-Institut, Forschungsbibliothek, Bibliographieportal $9336309341
LEADER 00000caa a22000002c 4500
001 395031141
003 DE-603
005 20210804210237.0
007 tu
008 161112s1997 xx |||| | u00||u|ger c
035 |a (DE-599)HEB395031141 
040 |a DE-603  |b ger  |c DE-603  |d DE-603 
041 |a ger 
082 0 4 |8 1\u  |a 900.9438  |q DE-101  |2 23/BSB 
084 |a 8,1  |2 ssgn 
085 |8 1\u  |b 900 
085 |8 1\u  |z 2  |s 438 
085 |8 1\u  |z 2  |s 43849 
100 1 |a Rasmus, Hugo 
245 0 0 |a Matelski, Dariusz, 1963-. Mniejszość niemiecka w Wielkopolsce w latach 1919 - 1939. - Poznań : Wydawn. Naukowe Uniw.. - 1997 [Rezension] 
264 0 |c 1997 [1998] 
773 0 8 |i In  |t Beiträge zur Geschichte Westpreußens  |d Münster, Westf. : Nicolaus-Copernicus-Verl., 1967-2008  |h 24 cm  |x 0341-9436  |g Band 15 (1997), Seite 188-191  |w (DE-603)046826319  |w (DE-600)731-6 
787 0 8 |i Rezension von  |a Matelski, Dariusz, 1963-  |t Mniejszość niemiecka w Wielkopolsce w latach 1919 - 1939  |b Wyd. 1  |d Poznań : Wydawn. Naukowe Uniw., 1997  |h 592 S., Ill., Kt.  |z 8323207593  |w (DE-603)058642773 
924 0 |9 2080  |a (DE-603)791329755  |b DE-2080  |c HES  |d d  |g /